000 01196na a2200373 4500
001 24080
003 MIRAKIL
005 20181213155329.0
008 180319b tu 000 0
035 _a20326
040 _aMilas
_btur
_cTR-AnCHP
041 _atur
082 _aCHP 324.2372
_bC36t 2018
090 _aCHP 324.2372 C36t 2018
110 _aCumhuriyet Halk Partisi (CHP)
222 _aTüzükler
245 _aTüzük taslağı
_b19. Olağanüstü kurultay
_b(Komisyon metni)
_cCumhuriyet Halk Partisi
246 _a19. Olağanüstü kurultay
246 _aCHP 2018 tüzüğü
246 _aCumhuriyet Halk Partisi tüzüğü
246 _aCHP tüzüğü
260 _aAnkara
_bCHP
_c2018
300 _aYaklaşık 50 s.
_c21 sm.
440 _aCumhuriyet Halk Partisi yayınları
_pTüzükler
610 _aCHP
_x19. olağanüstü kurultay
610 _aCHP
_xTüzük taslağı
610 _aCumhuriyet Halk Partisi (CHP)
_xTüzükler, 2018
_yTaslaklar
651 _aTürkiye
_xSiyaset ve yönetim
_y2018
657 _aCHP 2018 tüzük taslağı
657 _aCHP 2018 tüzüğü
657 _aCHP tüzükleri
830 _aCHP tüzükleri
942 _2ddc
_cBKS
999 _c10633
_d10633